000 00316nam a2200133 i 4500
001 bg
100 1 _aSZARANIEC, T.
245 0 _aObliczanie nośności podłoża budowli /
_cT. Szaraniec.
260 _aKielce,
_c1982.
040 _cBPK
041 _apol
942 _cKS
008 s pl f |000 0 pol
999 _c21071
_d21071
856 _uhttp://koha.tu.koszalin.pl/cgi-bin/koha/opac-detail.pl?biblionumber=21071
_yKatalog online BPK